CONTRIBUTION OF FAITH- BASED MEDIATION STRATEGIES TO CONFLICT TRANSFORMATION ALONG THE BOMET- NYAMIRA COUNTIES BORDER, KENYA. (Record no. 217131)

MARC details
000 -LEADER
fixed length control field 00649nam a22001577a 4500
008 - FIXED-LENGTH DATA ELEMENTS--GENERAL INFORMATION
fixed length control field 260514b |||||||| |||| 00| 0 eng d
050 ## - LIBRARY OF CONGRESS CALL NUMBER
Classification number THE JZ 5584 .K4 N93 2025
100 ## - MAIN ENTRY--PERSONAL NAME
Personal name NYAOMA, ORINA EDWIN
245 ## - TITLE STATEMENT
Title CONTRIBUTION OF FAITH- BASED MEDIATION STRATEGIES TO CONFLICT TRANSFORMATION ALONG THE BOMET- NYAMIRA COUNTIES BORDER, KENYA.
260 ## - PUBLICATION, DISTRIBUTION, ETC.
Place of publication, distribution, etc. KISII,
Name of publisher, distributor, etc. KISII UNIVERSITY PRESS,
Date of publication, distribution, etc. 2025.
300 ## - PHYSICAL DESCRIPTION
Extent XX,228 P.
500 ## - GENERAL NOTE
General note INCLUDES BIBLIOGRAPHICAL REFERENCES
650 ## - SUBJECT ADDED ENTRY
Topical term or geographic name entry element CONFLICT MANAGEMENT,- KENYA- BOMET- COUNTY 2. CONFLICT MANAGEMENT- KENYA- NYAMIRA- COUNTY 3. BORDER DISPUTES- KENYA
942 ## - ADDED ENTRY ELEMENTS (KOHA)
Source of classification or shelving scheme Library of Congress Classification
Koha item type Reference
Holdings
Withdrawn status Lost status Source of classification or shelving scheme Damaged status Not for loan Collection Home library Current library Shelving location Date acquired Inventory number Total checkouts Full call number Barcode Date last seen Copy number Price effective from Koha item type
    Library of Congress Classification     Special Research Kisii University Library Kisii University Library On Display 05/14/2026 113310   THE JZ 5584 .K4 N93 2025 A000401 05/14/2026 1 05/14/2026 Reference